Tourism impacts, planning and management.
Saved in:
| Main Author: | |
|---|---|
| Format: | Book |
| Language: | English |
| Published: |
Abingdon, Oxon, UK ; New York, NY, USA :
Routledge,
2016.
|
| Edition: | Third edition. |
| Subjects: | |
| Tags: |
Add Tag
No Tags, Be the first to tag this record!
|
MARC
| LEADER | 00000cam a2200000 i 4500 | ||
|---|---|---|---|
| 001 | 18617076 | ||
| 003 | CL-VaPUC | ||
| 005 | 20250321114223.0 | ||
| 008 | 150514s2015 enk b 001 0 eng | ||
| 999 | |c 447549 |d 447547 | ||
| 010 | |a 2015012738 | ||
| 020 | |a 9781138016309 (hbk.) | ||
| 020 | |a 9781138016293 (pbk.) | ||
| 020 | |z 9781315781068 (ebk) | ||
| 040 | |a DLC |b eng |c Pontificia Universidad Católica de Valparaíso |e rda |d DLC | ||
| 042 | |a pcc | ||
| 050 | 0 | 0 | |a G155.A1 |b M344 2016 |
| 082 | 0 | 0 | |a 910.68 MAS 2016 |2 23 |
| 100 | 1 | |a Mason, Peter, |d 1951- |e author |9 897353 | |
| 245 | 1 | 0 | |a Tourism impacts, planning and management. |
| 250 | |a Third edition. | ||
| 264 | 1 | |a Abingdon, Oxon, UK ; |a New York, NY, USA : |b Routledge, |c 2016. | |
| 300 | |a xvii, 253 paginas. | ||
| 504 | |a Includes bibliographical references and index. | ||
| 583 | |c 20250321 |k Cristina María Rojas Aguilar | ||
| 650 | 0 | |a Turismo |x Gestión |9 897330 | |
| 942 | |2 ddc |c BK |n 1 | ||